000
00285nam a2200121Ia 4500
005
20251222143257.0
008
251222s9999||||xx |||||||||||||| ||spa||
082
_a
241.1/G22
100
_a
García de Haro, Ramón
245
0
_a
La Conciencia Cristiana
264
_b
Rialp
942
_c
LIB
999
_c
15184
_d
15184